Language Quiz

Random Language or German Quiz

Strong and Irregular Weak German Verbs Quiz Stats

 Plays Quiz not verified by Sporcle

Score 0/150 Timer 20:00
0 Plays Today
Infinitive English % Correct
essen (isst)to eat
83.3%
geben (gibt)to give
83.3%
gehento go
83.3%
kommento come
83.3%
lassen (lässt)to let
83.3%
sein (ist)to be
83.3%
sitzento sit
83.3%
vergessen (vergisst)to forget
83.3%
beginnento begin
79.2%
denkento think
79.2%
findento find
79.2%
gewinnento win
79.2%
hängento hang (intransitive)
79.2%
kennento know
79.2%
nehmen (nimmt)to take
79.2%
schwimmento swim
79.2%
sehen (sieht)to see
79.2%
sendento send
79.2%
singento sing
79.2%
spinnento spin
79.2%
sprechen (spricht)to speak
79.2%
trinkento drink
79.2%
wissen (weiß)to know
79.2%
bringento bring
75%
fliegento fly
75%
haben (hat)to have
75%
rufento call
75%
scheinento shine; to seem
75%
schreibento write
75%
sterben (stirbt)to die
75%
stinkento stink
75%
tunto do
75%
werfen (wirft)to throw
75%
bliebento stay
70.8%
fallen (fällt)to fall
70.8%
helfen (hilft)to help
70.8%
laufen (läuft)to run
70.8%
liegento lie
70.8%
schlafen (schläft)to sleep
70.8%
sinkento sink
70.8%
springento jump
70.8%
tragen (trägt)to carry
70.8%
waschen (wäscht)to wash
70.8%
bindento bind
66.7%
fahren (fährt)to travel
66.7%
fressen (frisst)to eat (of animals)
66.7%
stehento stand
66.7%
treffen (trifft)to meet
66.7%
heißento be called
62.5%
lesen (liest)to read
62.5%
Infinitive English % Correct
schwellen (schwillt)to swell
62.5%
schwingento swing
62.5%
backen (bäckt)to bake
58.3%
bittento ask
58.3%
brechen (bricht)to break
58.3%
schwörento swear
58.3%
verlierento lose
58.3%
brennento burn
54.2%
empfehlen (empfiehlt)to recommend
54.2%
lügento tell a lie
54.2%
rennento run
54.2%
schlagen (schlägt)to strike
54.2%
werden (wird)to become
54.2%
windento wind
54.2%
beißento bite
50%
fliehento flee
50%
genießento enjoy
50%
geschehen (geschieht)to happen
50%
nennento name
50%
schneidento cut
50%
schreiento shout
50%
stehlen (stiehlt)to steal
50%
raten (rät)to advise
45.8%
schließento close
45.8%
steigento climb
45.8%
wachsen (wächst)to grow
45.8%
bietento offer
41.7%
frierento freeze
41.7%
halten (hält)to hold
41.7%
klingento sound
41.7%
meidento avoid
41.7%
reitento ride an animal
41.7%
ziehento pull
41.7%
blasen (bläst)to blow
37.5%
fließento flow
37.5%
leihento lend
37.5%
riechento smell
37.5%
saugento suck
37.5%
schmelzen (schmilzt)to melt
37.5%
braten (brät)to roast
33.3%
fangen (fängt)to catch
33.3%
graben (gräbt)to dig
33.3%
hebento lift
33.3%
laden (lädt)to load
33.3%
leidento suffer
33.3%
gelingento succeed
29.2%
gießento pour
29.2%
greifento grip
29.2%
scheidento separate
29.2%
schießento shoot
29.2%
Infinitive English % Correct
streitento quarrel
29.2%
verschwindento disappear
29.2%
gleichento resemble
25%
kriechento crawl
25%
verbergento hide
25%
beweisento prove
20.8%
biegento bend
20.8%
gebären (gebiert)to give birth
20.8%
gleitento glide
20.8%
pfeifento whistle
20.8%
schaffento create
20.8%
schweigento be silent
20.8%
treten (tritt)to step
20.8%
verderben (verdirbt)to spoil
20.8%
wendento turn
20.8%
wiegento weigh
20.8%
betrügento deceive
16.7%
empfangen (empfängt)to receive
16.7%
gelten (gilt)to be valid
16.7%
messen (misst)to measure
16.7%
reißento tear
16.7%
stoßen (stößt)to push
16.7%
befehlen (befiehlt)to command
12.5%
kneifento pinch
12.5%
reibento rub
12.5%
saufen (säuft)to drink (of animals)
12.5%
schiebento shove
12.5%
schleichento creep
12.5%
weisento point
12.5%
zwingento force
12.5%
dringento penetrate
8.3%
empfindento feel
8.3%
hauento hew
8.3%
rinnento flow
8.3%
schaffento accomplish
8.3%
schelten (schilt)to scold
8.3%
schmeißento fling
8.3%
sinnento think, reflect, plot
8.3%
stechen (sticht)to prick
8.3%
streichento stroke
8.3%
bestechen (besticht)to bribe
4.2%
bestreitento contest
4.2%
geraten (gerät)to fall into
4.2%
schreitento stride
4.2%
treibento pursue (an activity)
4.2%
verzeihento forgive
4.2%
erlöschen (erlischt)to go out
0%
erschrecken (erschrickt)to be startled
0%
verschlingento devour
0%
werben (wirbt)to recruit
0%

You're not logged in!

Compare scores with friends on all Sporcle quizzes.
OR
Log In

Show Comments

Extras

Top Quizzes Today


Score Distribution

Your Account Isn't Verified!

In order to create a playlist on Sporcle, you need to verify the email address you used during registration. Go to your Sporcle Settings to finish the process.

Report this User

Report this user for behavior that violates our Community Guidelines.

Details: